000 00562nam a2200193Ia 4500
005 20250923144917.0
008 008 250917s9999 xx 000 0 eng d
037 _aTextual
040 _aDSWL
_beng
_cDSWL
041 _aeng
_2eng
084 _aYX,ZD;6-J, N54;5
_qDSWL
100 _aKonopka, Gisela
_9829706
245 0 _aGroup work in the Institution
_cby Gisela Konopka
260 _aNew York
_b Association Press
365 _aUSD
_b5
925 _g5
942 _cTEXL
_hYX,ZD;6-J, N54;5
999 _c1444888
_d1444888